000 00571cam a22001697a 4500
008 180718b1983 xxu||||| |||| 00| 0 eng d
020 _a0 582 30515 2
082 _aXA4x42 Si58
100 _aSimpson, Barry J
245 _aSite costs in housing development
_cby Barry J Simpson
260 _aLondon
_bConstruction
_c1983
300 _ax, 166p
650 _aReal property --Great Britain --Costs.
650 _aDwellings --Location --Great Britain --Decision making
650 _aBuilding sites --Great Britain --Cost effectiveness
650 _aHousing --Great Britain
999 _c412610
_d412610